[Event "Douglas IoM op"]
[Site "Douglas"]
[Date "2017.09.25"]
[Round "3"]
[White "Sargissian, Gabriel"]
[Black "Krishna, CRG."]
[Result "1/2-1/2"]
[WhiteElo "2652"]
[BlackElo "2367"]
[Annotator "Meulders,R"]
[PlyCount "105"]
[EventDate "2017.09.23"]
[EventType "swiss"]
[EventRounds "9"]
[EventCountry "IOM"]
[SourceTitle "CBM 181"]
[Source "ChessBase"]
[SourceDate "2017.11.10"]
[SourceVersion "1"]
[SourceVersionDate "2017.11.10"]
[SourceQuality "1"]

1. d4 f5 2. c4 Nf6 3. Nc3 d6 4. Nf3 g6 5. e3 Bg7 6. Be2 O-O 7. O-O c6 8. b4 Qc7
{White has chosen a very modest setup for which I have not been able to find
any examples at a higher level. Black's position is quite solid . the idea of
putting the queen on c7 to prepare for ...e5 is well-known in Old-Indian
positions.} (8... Qe8 9. Bb2 e5 10. dxe5 dxe5 11. Qb3 Kh8 12. Rad1 Nbd7 13. h3
e4 14. Nd4 Ne5 15. Ba3 $14) 9. Bb2 e5 10. dxe5 dxe5 11. e4 fxe4 12. Ng5 Bf5 13.
g4 Qc8 $6 {A fearless decision, probably according to the principle that
against a much higher rated player there is not much to lose.} (13... Bc8 $11)
(13... Bh6 14. h4 Rd8 15. Qb3 Bxg5 16. hxg5 Nxg4 17. c5+ Kf8 18. Nxe4 Bxe4 19.
Bxg4 Qf7 20. Bxe5 Qxb3 21. axb3 Na6 22. Bd6+ Kg7 23. Rfe1 $16) 14. gxf5 Qxf5
15. Bc1 h6 16. Ncxe4 hxg5 17. Nd6 Qe6 18. Bxg5 $2 $14 (18. Nxb7 $1) 18... Na6 (
18... Nbd7 19. Qd2 a5 20. bxa5 Nc5 21. Be3 Nce4 22. Nxe4 Nxe4 23. Qb4 $14) 19.
Rb1 (19. a3 e4 20. Nxb7 Nh7 21. Bg4 Qxc4 22. Be7 Bxa1 23. Na5 Qd5 24. Bxf8 Rxf8
25. Qxa1 Qg5 26. h3 $16) 19... Rad8 (19... c5 $2 20. Bxf6 Bxf6 21. bxc5 $16
Rab8 (21... Nxc5 $4 22. Bg4 $18) 22. Bg4 $16) 20. c5 $16 Nc7 (20... Qxa2 $6 21.
Bxf6 Rxf6 22. Bc4+ Qxc4 23. Nxc4 Rxd1 24. Rfxd1 Rf4 25. Rd8+ Kh7 26. Nd6 Nxb4
27. Rd7 $18) 21. Rb3 $2 {I think this is where White misses his big chance.} (
21. Bc4 $1 Ncd5 22. Nxb7 Rd7 23. Nd6 $16) 21... Ncd5 22. Nxb7 Rb8 23. Nd6 Rxb4
24. Rxb4 Nxb4 25. Bxf6 $6 {White would probably have liked to hang on to the
two bishops, but even so Black seems to have enough counterplay.} (25. f3 Kh7
26. a3 Nbd5 27. Qa4 Nf4 28. Bc4 N6d5 29. Qxc6 Qh3 30. Bxf4 Nxf4 31. Rf2 Qh6 32.
Bf1 e4 33. Nxe4 Bd4 34. Qd7+) 25... Rxf6 26. Bc4 Nd5 27. Re1 Rf4 $11 28. Re4
Bf8 29. Qe2 Rxe4 30. Nxe4 Kg7 31. Qf3 Be7 32. Nc3 Bxc5 33. Bxd5 cxd5 34. Nxd5
Bd4 35. Kf1 e4 36. Qb3 Qf7 37. Ne3 Qf3 38. Ke1 Qh1+ 39. Nf1 Qg2 40. Qg3 Qxg3
41. Nxg3 Be5 42. Ke2 Bf4 43. h3 Bxg3 44. fxg3 Kf6 45. a4 a5 46. Kd2 Ke6 47. Kd1
Kd6 48. Ke2 Kd5 49. Ke1 (49. h4 Ke6 50. g4 Kd6 51. Ke3 Ke5 52. h5 gxh5 53. gxh5
Kf5 54. h6 $18) 49... Ke5 50. Kd2 Ke6 51. Kc1 Kd5 52. Kc2 Ke5 53. Kd2 1/2-1/2

[Event "EU-chT (Men) 19th"]
[Site "Warsaw"]
[Date "2013.11.12"]
[Round "5.12"]
[White "Ipatov, Alexander"]
[Black "Gallagher, Joseph G"]
[Result "1-0"]
[WhiteElo "2630"]
[BlackElo "2504"]
[Annotator "Meulders,R"]
[PlyCount "99"]
[EventDate "2013.11.08"]
[EventType "team-swiss"]
[EventRounds "9"]
[EventCountry "POL"]
[SourceTitle "CBM 158"]
[Source "ChessBase"]
[SourceDate "2014.01.16"]
[SourceVersion "1"]
[SourceVersionDate "2014.01.16"]
[SourceQuality "1"]
[WhiteTeam "Turkey"]
[BlackTeam "Switzerland"]
[WhiteTeamCountry "TUR"]
[BlackTeamCountry "SUI"]

1. d4 f5 2. c4 Nf6 3. Nc3 d6 4. Bg5 Nbd7 5. Qc2 g6 6. h4 (6. O-O-O Bg7 7. h4
O-O 8. e3 c6 9. Be2 h6 10. Bf4 Qe8 11. Nf3 Nb6 12. c5 Nbd5 13. Bc4 dxc5 14.
dxc5 Be6 15. Be5 Rd8 16. Rd4 Qf7 17. Nxd5 cxd5 18. Bd3 Rc8 19. Kb1 Ne4 20. b4
a5 21. a3 axb4 22. axb4 Bf6 23. Rc1 Qg7 24. Bxf6 Qxf6 25. Qb2 Bf7 26. Bb5 Rc7
27. Rc2 b6 28. c6 Ra8 29. Rd1 Rca7 30. Nd4 e5 31. Nb3 Nd6 32. Be2 Nc4 33. Bxc4
dxc4 34. Nd2 Qxc6 35. Nf3 c3 {Mamedyarov,S (2775)-Ponomariov,R (2756) Riga
2013 0-1}) 6... h6 7. Bd2 e5 8. e3 $146 (8. dxe5 Nxe5 9. O-O-O Be6 10. Nh3 Qd7
11. b3 O-O-O 12. Nf4 Bf7 13. f3 Bg7 14. e3 g5 15. hxg5 hxg5 16. Rxh8 Bxh8 17.
Nd3 Bg6 18. Nxe5 dxe5 19. g4 Qh7 20. gxf5 Bxf5 21. e4 Bd7 22. Bxg5 Qh5 23. Qd2
c6 24. Be2 Qf7 25. Qe3 b6 26. c5 b5 27. Rd6 Rg8 28. Bxb5 cxb5 29. c6 Bh3 30.
Nxb5 a6 31. Rxf6 Qxf6 32. Bxf6 Bxf6 33. Qa7 {1-0 (33) Rodriguez,E (2245)-Liou,
Y (2134) ICC INT 2009}) 8... h5 $2 {Why commit yourself that early, weakening
g5 permanently, and not just continue the development logically with Bg7?} ({
Why commit yourself that early and create another weakness. Continuing the
development with} 8... Bg7 9. h5 (9. O-O-O O-O 10. Kb1 c6 11. Nh3 a6 12. Bd3 b5
13. Qb3 Kh8 14. Qa3 Nb6 {and Black is more than ok.}) 9... g5 10. Qxf5 O-O 11.
O-O-O exd4 12. exd4 c5 13. Be3 Ne5 14. Qc2 Neg4 15. dxc5 Nxe3 16. fxe3 Ng4 17.
Rh3 Qe8 $13 {with more than enough compensation for Black.}) 9. Nh3 $14 Nh7 10.
O-O-O Bg7 11. c5 O-O 12. cxd6 cxd6 13. Nb5 Nb6 14. dxe5 dxe5 15. Bb4 {
Positionally Black's opening is far from a success. He must already start
thinking of an extended swindle to save his skin.} Qxh4 {Forced, of course.}
16. Qb3+ Kh8 17. Nf4 $1 Qf6 {Of course Rh1 was taboo because of a mate in 1.}
18. Rd6 $16 {This seems logical, since Black has to give up his queen to
prevent mate. If White wants to avoid the subsequent complications, he can opt
for a small advantage by taking the rook on f8:} (18. Bxf8 Bxf8 19. Nd5 Qc6+
20. Kb1 Be6 21. Nbc7 Qxc7 22. Nxc7 Bxb3 23. axb3 Rc8 24. Rc1 Nf6 25. Bb5 Be7)
18... exf4 {Forced courage, of course.} 19. Rxf6 Rxf6 20. Bc3 (20. exf4 Rc6+
21. Kb1 Be6 22. Qg3 Nd5 23. Bd2 a6 24. Na3 Nhf6 25. Bd3 Kh7 26. f3 Nb6 27. Bc2
Bf8 28. Bb3 Bxb3 29. axb3 Rd8 {and the active black pieces offer a good
compensation for the minimal material disadvantage.}) 20... Be6 21. Qa3 fxe3
22. fxe3 (22. Bxf6 Nxf6 23. Kb1 Ne4 24. Qxe3 Bg8 $44) 22... Nd5 23. Bd4 (23.
Bxf6 Nhxf6 24. Kb1 Ne4 25. Bd3 Bf8 26. Qa4 Nf2 27. Rc1 Nxd3 28. Qd4+ Kg8 29.
Qxd3 Nb4 30. Qd4 Bxa2+ 31. Ka1 Bf7 32. Rc7 $18) 23... a6 24. Kb1 Rd8 25. Nc3 (
25. Bxf6 Nhxf6 26. Nd4 Bf7 27. Bc4 Rc8 28. Rc1) 25... Rf7 26. Bxg7+ Kxg7 27.
Bc4 Nhf6 28. Bxd5 Bxd5 29. Nxd5 Rxd5 30. Qc3 Re7 31. a3 Rde5 {Materially Black
still has a small disadvantage but positionally he has the better game, since
White has weakened pawns and nothing to threaten the black king.} 32. Rh3 (32.
Re1 $2 f4) 32... Kh7 33. Qc8 Ng4 34. e4 $1 {The only way to creatre some
activity for the rook.} Rxe4 (34... fxe4 $4 35. Qxg4) 35. Rb3 Ne3 36. Qf8 (36.
Rxb7 Nxg2 37. Rb6 {Threatening Qf8, Rb8.} Kg7 $1 38. Rb8 Kh6 $13) 36... Nc4 37.
Rd3 Re2 38. Kc1 Re1+ 39. Kc2 R7e2+ $4 {This horrible blunder drops a piece and
loses the game because of the impending mate in one by Rd7.} (39... R1e2+ $1
40. Kc3 (40. Kc1 Re1+ 41. Kc2 R1e2+ 42. Kc1 $11) 40... Rc7 $1 41. Qd8 Rc6 42.
Rd7+ Kh6 43. Qh8+ Kg5 44. Qd8+ Kg4 45. Rd4+ Re4 46. Rxe4+ fxe4 47. Qd7+ Kf4 {
and Black has the advantage.}) 40. Kb3 Rxb2+ 41. Kxc4 Rc1+ 42. Kd4 Rxg2 43. Ke5
{White is completely winning now.} Re2+ 44. Kf6 Rc6+ 45. Rd6 Rc7 46. Rd8 Rc6+
47. Kg5 Rg2+ 48. Kf4 Rg4+ 49. Ke5 Re4+ 50. Kd5 1-0

[Event "Gibraltar Masters 14th"]
[Site "Caleta"]
[Date "2016.02.04"]
[Round "10"]
[White "Nakamura, Hikaru"]
[Black "Anton Guijarro, David"]
[Result "1-0"]
[WhiteElo "2787"]
[BlackElo "2639"]
[Annotator "Meulders,R"]
[PlyCount "59"]
[EventDate "2016.01.26"]
[EventType "swiss"]
[EventRounds "10"]
[EventCountry "GGB"]
[SourceTitle "CBM 171"]
[Source "ChessBase"]
[SourceDate "2016.03.14"]
[SourceVersion "2"]
[SourceVersionDate "2016.03.14"]
[SourceQuality "1"]

1. d4 f5 2. c4 Nf6 3. Nc3 d6 4. Bg5 Nbd7 5. Qc2 g6 6. h4 Bg7 7. O-O-O c6 8. Nh3
Nf8 {Of course Black wants to continue his development and do something about
the Bc8, the son of sorrows in most Dutch set-ups. But there were a number of
active alternatives, not wasting time on moving a knight that will have to be
redeployed anyway, since it's doing nothing active on f8.} (8... Qa5 9. Nf4 Nf8
10. h5 Ne4 11. h6 Bxd4 12. Nxe4 fxe4 13. Bxe7 Qxa2 14. Rxd4 Qa1+ 15. Kd2 Qa5+
16. b4 Qxb4+ 17. Kd1 Kxe7 18. Rxe4+ Ne6 19. Rh3 Re8 20. Rb3 Qa5 21. Qb2 Qf5 22.
Qg7+ Kd8 23. Nxe6+ Bxe6 24. Rxb7 Qa5 25. Rxe6 Qa4+ 26. Kc1 {1-0 (26) Laznicka,
V (2679)-Muzychuk,M (2483) Legnica 2013}) (8... h6 9. Bxf6 Nxf6 10. Nf4 Kf7 11.
e3 Qa5 12. h5 g5 13. Ng6 Re8 14. Bd3 e6 $11) (8... e5 $5 9. h5 exd4 10. Rxd4 h6
11. Be3 g5 12. Rxd6 Qe7 13. Rd1 O-O {Despite being a pawn down, Black has an
active game.}) 9. e3 {White too continues quietly. There is no advantage for
him yet.} Qa5 10. Kb1 Ne6 11. Be2 Bd7 12. Bxf6 Bxf6 13. g4 O-O-O 14. gxf5 gxf5
15. Bd3 Kb8 16. Ne2 Bxh4 17. Bxf5 Bf6 18. e4 c5 $2 {So far Black had played
well, but here he overreaches, maybe lulled into a false sense of confidence
by White's unassuming setup. The text move makes an important central
concession, giving White an edge for the first time in the game.} (18... h5 19.
f4 Rhg8 20. e5 Bh8 21. Bg6 h4 22. Bh7 Rg7 23. Nhg1 dxe5 24. fxe5 (24. dxe5 $2 {
fails to a tactical stroke based on the weakness of White's back rank.} Nxf4 $1
25. Nxf4 Rxh7 $17) 24... Rf8 {and Black has good counterplay.}) 19. d5 $14 Nc7
(19... Nd4 20. Nxd4 Bxd4 21. Bxd7 Rxd7 22. Ng5 b5 23. Ne6 $16) 20. Bxd7 Rxd7
21. f4 Rhd8 (21... Rdd8 {seems the lesser evil, but White's advantage is
already very clear.} 22. Nhg1 $1 Rdf8 23. Nf3 b5 24. Rh3 $1 (24. e5 $16) 24...
Rhg8 25. e5 dxe5 26. fxe5 Bh8 27. cxb5 $18) 22. Nf2 b5 23. Ng4 $16 Bh8 $2 {
This only hastens the defeat, it doesn't spoil very much.} (23... bxc4 $16 24.
Rxh7 (24. Qxc4 Rg8 25. Nxf6 exf6 26. e5 fxe5 27. fxe5 Ne8 28. e6 Rb7 29. b3 $16
) 24... Qb4 25. a3 Qb3 26. Qxb3+ cxb3 27. Nc1 c4 28. Ne2 Nb5 29. Nxf6 exf6 30.
Rxd7 Rxd7 31. Rc1 Rh7 32. Rxc4 Rh1+ 33. Nc1 a5 34. a4 Nc7 35. Rc6 $16) 24. Rxh7
$18 Qb4 25. Ne3 a6 26. a3 Qa5 27. Nf5 Re8 28. e5 $1 $18 bxc4 (28... dxe5 29. d6
Ne6 30. Nxe7 $1) 29. Rdh1 Nb5 30. a4 (30. Rxh8 {also wins comfortably.}) 1-0

[Event "Bundesliga 1718"]
[Site "Germany"]
[Date "2018.03.11"]
[Round "12.8"]
[White "Grigorian, Spartak"]
[Black "Naiditsch, Arkadij"]
[Result "0-1"]
[WhiteElo "2352"]
[BlackElo "2702"]
[Annotator "Meyer,CD"]
[PlyCount "46"]
[EventDate "2017.10.21"]
[EventType "team-tourn"]
[EventRounds "15"]
[EventCountry "GER"]
[SourceTitle "CBM 184"]
[Source "ChessBase"]
[SourceDate "2018.05.16"]
[SourceVersion "1"]
[SourceVersionDate "2018.05.16"]
[SourceQuality "1"]
[WhiteTeam "Werder Bremen"]
[BlackTeam "Baden-Baden"]
[WhiteTeamCountry "GER"]
[BlackTeamCountry "GER"]

{DIE GEISTER, DIE ICH RIEF} 1. d4 e6 2. c4 Bb4+ 3. Nc3 ({Die Empfehlung} 3. Bd2
$5 {(u.a. bereits von Euwe) ist sicherlich solider.}) 3... f5 {Dies ergibt
eine relativ seltene Mischung von Nimzoindisch und Holländisch.} ({Konsequent
wirkt} 3... Bxc3+ {und z.B.} 4. bxc3 f5 5. e3 Nf6 6. Bd3 {mit Zugumstellung
zum Text, während 3...c5 und 3...b6 interessante Alternativen sind.}) 4. e3 {
Zwar eine altmodische, aber keineswegs schlechte Fortsetzung. Ähnlich dem
Nimzoinder ignoriert Weiß den drohenden Doppelbauern und verfolgt eine
schnelle Entwicklung. Stattdessen verdienen 4.Qc2, 4.Qb3 und 4.Bd2 Beachtung.}
Bxc3+ 5. bxc3 Nf6 6. Bd3 {Diese Position entsteht zumeist über die
holländische Zugfolge 1.d4 f5 2.c4 Nf6 3.Nc3 e6 4.e3 Bb4 5.Bd3 Bxc3+ 6.bxc3.}
O-O 7. Ne2 d6 8. Qc2 (8. O-O e5 9. f3 $6 (9. Ng3 $142 g6 10. c5 $13) 9... c5 $1
10. Qc2 (10. e4 $143 f4 $5 $15 (10... fxe4 11. fxe4 cxd4 12. cxd4 Nc6 13. h3
$13)) 10... g6 11. Bd2 Qe7 12. e4 f4 13. g3 g5 14. Kh1 Kh8 15. Rg1 g4 16. gxf4
gxf3 17. Ng3 Ng4 $40 {-+, 0:1/46, Tella,J (2428)-Karlsson,L (2476), Stockholm
2000}) 8... c5 {Ähnlich dem Nimzoinder wird der Bauer c4 festgelegt.} 9. O-O
Nc6 10. Rb1 $5 $146 ({Bekannt ist nun ausnahmslos} 10. f3 {. Dazu zwei
instruktive Partien von berühmten Altvorderen:} Bd7 (10... Qc7 11. Bd2 b6 12.
e4 Na5 13. Nf4 Qf7 14. exf5 exf5 15. d5 Ne8 $6 ({Die Schwäche des Punktes e6
ist nicht so gravierend, dass Schwarz derartige Verrenkungen machen muss.} 
15... Bd7 $142 16. Rae1 Rae8 17. g3 $5 g6 18. Ng2 b5 19. cxb5 c4 20. Be2 Qxd5
21. a4 $14) 16. Rae1 Nc7 17. Rf2 Bd7 18. g4 $1 b5 (18... g6 19. h4 $1 Rae8 20.
Rxe8 Qxe8 21. g5 Qe7 22. h5 $16) 19. cxb5 (19. Rfe2) 19... c4 20. Bf1 Rab8 21.
Ne6 $1 $16 Nxe6 22. dxe6 Bxe6 23. Rfe2 $6 {Seine überlegene strategische
Partieanlage verdirbt Rubinstein nun peu à peu durch taktische
Unachtsamkeiten.} (23. Qa4 $142 $1 Nb7 24. Qxa7) 23... Bd5 24. Qxf5 $6 (24. Qa4
$142 $1) 24... Qxf5 25. gxf5 Rxb5 26. Bf4 Bxf3 27. Re8 Rxe8 28. Rxe8+ Kf7 29.
Re3 Bd5 30. Bxd6 Nc6 31. Re2 Kf6 32. Bh3 Rb1+ 33. Kf2 Rc1 34. Ba3 Rd1 35. Re8
Rd2+ 36. Kg3 $4 (36. Re2 $11) 36... Rd3+ 37. Kh4 Ne5 38. Rf8+ $2 Bf7 39. Bc1 h6
{- 0:1, Rubinstein,A-Bohatirchuk,F, Moscow 1925}) 11. Bd2 Qe8 12. e4 fxe4 13.
fxe4 e5 14. d5 Ne7 {"Die Stellung bietet ungefähr gleiche Chancen. Die von
beiden Seiten verwirklichten Ideen sind für die Nimzowitsch-Indische
Verteidigung charakteristisch." M. Taimanow, 1983} 15. Ng3 Kh8 16. Bg5 (16. Be2
$142) 16... Qg6 17. Qd2 h6 18. Bh4 Nfg8 19. Qb2 b6 20. Qa3 $6 (20. a4 $142 $5)
20... Rf4 21. Bxe7 Nxe7 $15 {- remis, Geller,E-Pachman,L, Gothenburg (izt) 1955
}) 10... b6 11. Ng3 (11. f3 $142) 11... h5 $1 {Ein oft bewährtes Verfahren
gegen eine derartige Springeraufstellung.} 12. d5 $6 {Aber diese ungeduldige,
schon brachiale Stellungsöffnung sollte eher dem Gegner in die Hände spielen.
Andere Möglichkeiten, z.B.:} ({I} 12. f3 $142 h4 (12... f4 $2 13. exf4 cxd4
14. Re1 $1 h4 15. Ne2 dxc3 16. Nxc3 $16) (12... Qe8 13. Ne2 Bd7 14. Nf4 $13)
13. Nh1 $5 Qe8 14. Nf2 $13) ({II} 12. Ne2 $142 $5 $13) 12... Ne5 13. dxe6 g6 $2
{Mit diesem leichtsinnigen Deckungszug hoffte der Großmeister, die feindliche
Vorgehensweise "abfedern" zu können, aber dabei hatte er "die Rechnung ohne
den Wirt gemacht".} ({Klar besser war dagegen} 13... Nxd3 $142 14. Qxd3 {
und z.B.} Qe7 $5 15. Nxf5 Qxe6 16. e4 (16. Ng3 $2 h4 17. Ne2 Ba6) 16... Qxe4
17. Qxe4 Nxe4 18. Ne7+ Kh7 19. Nxc8 Raxc8 $15 {nebst Transformation in ein
für Schwarz günstiges Endspiel.}) 14. e4 $3 {Deckt resolut die verwundbare
Stelle am gegnerischen Königsflügel auf.} h4 ({Auch die Alternativen zeigen,
dass guter Rat für Schwarz schon teuer ist: I} 14... f4 15. Bxf4 h4 16. Nf5 $1
gxf5 17. exf5 $16) ({II} 14... Bb7 15. exf5 h4 16. Bh6 hxg3 17. fxg3 $16 {
und in jedem Fall erhält Weiß überreichliche Kompensation für das
Springeropfer}) 15. Nxf5 $5 {"Die ich rief, die Geister, werd ich nun nicht
los."} ({Überschaubarer war stattdessen folgende Inszenierung des
Opferangriffs:} 15. exf5 $142 $1 {, z.B.} hxg3 16. fxg3 Bb7 (16... Qe7 17. Bh6
$16) 17. Bg5 $16 {, womit Weiß seinen Vorteil bestätigt hätte. Nun jedoch
wird es richtig kompliziert.}) 15... gxf5 16. exf5 Bb7 ({Nach} 16... Qe7 17.
Bg5 $1 {steckt Schwarz ebenso in großen Schwierigkeiten, z.B.} (17. Bh6 Bb7)
17... Qh7 (17... Qg7 18. f4 $1) 18. Rbe1 h3 19. f3 Bxe6 (19... Bb7 20. Be4 Bxe4
21. fxe4 $16) 20. Rxe5 dxe5 21. fxe6 Qg7 22. Bg6 e4 23. Bf7+ Rxf7 24. exf7+
Kxf7 25. f4 $16) 17. Bh6 $2 {Knapp daneben ist auch vorbei.} ({I} 17. Bg5 $142
$1 Nxd3 (17... Qe8 18. f4 $1 Nxd3 19. Qxd3 Be4 20. Qh3 Bxb1 21. Rxb1 Qh5 22.
Bxf6 Rxf6 23. g4 $16 {/+- und als Kompensation für den Minusturm verfügt
Weiß über eine mächtige Bauernwalze. Weiter könnte folgen:} Qh7 24. Rd1
Rff8 (24... Rd8 25. Rd5) 25. Qf3) (17... Qe7 18. Rbe1 $16 h3 19. f4 $1) 18.
Qxd3 Be4 19. Qe3 Bxb1 20. e7 Qd7 21. exf8=Q+ Rxf8 22. Bxf6 Rxf6 23. Rxb1 Qxf5
24. Re1 $16) ({II} 17. f3 h3 $5) 17... Kh7 $2 ({Ein weiterer, schwerer Fehler
des haushohen Favoriten. In dieser kritischen Situation mag vorzugsweise} 17...
h3 $1 {eine geeignete Fortsetzung sein:} 18. f4 Neg4 19. Bg5 Bxg2 $13) 18. Bg5
$1 $18 {Offenbar hier ein Patenzug: Im Hinblick auf die Drohung 19.f4 nebst
allmählicher Verstärkung des Drucks ist nicht zu erkennen, wie Schwarz sich
ausreichend verteidigen kann.} Qe8 19. Rbe1 $4 {"Ein Stäubchen ist's, des
Geistes Aug' zu trüben."} ({Schade! Statt dieses "Eigentors" hätte sich der
junge, noch titellose Werderaner für sein mutiges Spiel belohnen können. I} 
19. f4 $142 $3 Nxd3 (19... Neg4 20. Qe2 {/\h3}) 20. Qxd3 {(Analyse)} Qh5 (20...
Be4 21. Qxd6 Bxb1 22. Rxb1 $18 Ng4 (22... Kg7 23. e7 Rf7 24. Re1 {/\Re6}) 23.
h3 Ne3 24. e7 Nxf5 (24... Rxf5 25. Qh6+ Kg8 26. Re1) 25. exf8=N+ Qxf8 26. Qd7+)
(20... Rg8 21. Rb2 Be4 (21... Qf8 22. Qh3) 22. Qxd6 Bxf5 23. Bxf6 Qxe6 24. Qxe6
Bxe6 25. f5 Bxc4 26. Rf4 $18) 21. Qxd6 Bxg2 (21... Be4 22. Rbe1 Qg4 23. Rf2
Qxf5 24. Rfe2 Rae8 25. Qc7+ Kg6 26. e7 {/\Bxf6+-}) 22. Qe7+ (22. Kxg2 $4 h3+
23. Kh1 (23. Kf2 Ne4+) 23... Qe2 $19) 22... Kg8 23. Bxf6 Qg4 24. Qg7+ $1 Qxg7
25. Bxg7 $18 {, z.B.} Bxf1 26. Bxf8 Bxc4 27. Bh6 Kh7 28. Bg5 Bd3 29. Rd1 Bxf5
30. e7 Re8 31. Rd8 Bg6 32. f5) ({II} 19. f3 $2 Qh5 20. f4 Nxd3 21. Qxd3 Be4 22.
Qxd6 Bxb1 $13 {/=}) 19... Nf3+ $3 {Zu seinem Glück darf Schwarz diesmal mit
einem starken Springeropfer aufwarten, das alle gegnerischen Träume im Keim
erstickt und einen absolut tödlichen Konterangriff auf den weißen König
einleitet.} 20. gxf3 (20. Kh1 h3 $1 $19 (20... Nxg5 $19)) 20... Qh5 $1 $19 {
die entscheidende Verstärkung} ({Freilich nicht} 20... Bxf3 $4 {wegen} 21. Be4
$1 Nxe4 (21... Qh5 22. Bxf3 Qxf3 23. Bxh4 Rg8+ 24. Bg3 $18) 22. Rxe4 Bxe4 23.
Qxe4 Qh5 24. f6+ Kh8 25. f4 $18) 21. Be4 Rg8 ({Oder auch} 21... Nxe4 22. Rxe4 (
22. fxe4 Qg4+ 23. Kh1 Qf3+ 24. Kg1 h3 {nebst Matt}) 22... Rg8 $19) 22. f4 Qg4+
23. Kh1 Bxe4+ ({I} 23... Nxe4 $142 24. f3 Nxg5) ({II} 23... Bxe4+ 24. f3 Bxf3+
25. Rxf3 Qxf3+ 26. Qg2 Qxg2+ 27. Kxg2 Rxg5+ 28. fxg5 Rg8 29. g6+ Kh6) 0-1

[Event "Pardubice op"]
[Site "Pardubice"]
[Date "1994.??.??"]
[Round "8"]
[White "Silman, Jeremy D"]
[Black "Moskalenko, Viktor"]
[Result "0-1"]
[WhiteElo "2405"]
[BlackElo "2555"]
[Annotator "Moskalenko,V"]
[PlyCount "82"]
[EventDate "1994.07.??"]
[EventType "swiss"]
[EventRounds "9"]
[EventCountry "CZE"]
[SourceTitle "CBM 043"]
[Source "ChessBase"]
[SourceDate "1994.12.01"]
[SourceVersion "1"]
[SourceVersionDate "1994.12.01"]
[SourceQuality "1"]

1. d4 e6 2. c4 f5 3. Nf3 Nf6 4. Nc3 Bb4 5. Qb3 c5 $5 6. dxc5 Na6 $1 7. Bd2 O-O
8. g3 Qe7 (8... Bxc3 $5 9. Bxc3 Nxc5 10. Qc2 b6 $13) 9. Bg2 Nxc5 10. Qc2 b6 11.
O-O Bb7 12. Nd5 $5 Bxd5 (12... Nxd5 13. cxd5 Bxd2 14. Nxd2 Rac8 $10) 13. cxd5
Bxd2 (13... Nxd5 $2 14. Bg5 $1 {/\ a3}) 14. Nxd2 Rac8 15. Rac1 $2 (15. dxe6
$142 Nce4 $5 16. Qd3 Nxd2 17. Qxd2 dxe6 $10) 15... e5 $1 16. b4 Nce4 17. Qxc8
Nxd2 18. Qc7 (18. Rfd1 Rxc8 19. Rxc8+ Kf7 20. Rxd2 Qxb4 $17) 18... Nxf1 19.
Rxf1 (19. Kxf1 $5) 19... Qxb4 20. Qxa7 (20. Qxe5 Re8 21. Qxf5 Rxe2 $17) 20...
Qb2 $1 $17 21. e3 Rc8 22. h3 Rc1 23. Rxc1 Qxc1+ 24. Kh2 Qb2 25. Kg1 h5 26. f4
$2 e4 $19 27. Bf1 Kh7 28. d6 Qb4 29. Qc7 Qe1 30. Qxb6 Qxg3+ 31. Kh1 Nd5 32. Qb5
Nxe3 33. Qe2 Kh6 34. a4 Qxf4 35. Kg1 Qg3+ 36. Kh1 f4 37. a5 Nxf1 38. Qxf1 e3
39. a6 f3 40. a7 e2 41. Qc1+ g5 0-1